| 000 | 00781nam a22001817a 4500 | ||
|---|---|---|---|
| 005 | 20260325144711.0 | ||
| 008 | 260325b |||||||| |||| 00| 0 eng d | ||
| 020 | _a9789366601779 | ||
| 040 | _cVITAP | ||
| 082 |
_223rd Ed. _a005.74 IND |
||
| 100 |
_aIndumathi, J. _917370 |
||
| 245 |
_aData Analytics _b: Transforming Data into Insights _c/ J. Indumathi |
||
| 260 |
_aDelhi _bCengage Learning India Pvt. Ltd. _c2025 |
||
| 300 | _axxxviii, Chap.(1.1 - 26.37), (I.1 - I.16)p. : ill. ; 24cm | ||
| 500 | _aIt includes Index Pages. | ||
| 650 | 0 |
_aData analytics; Data science; Big data; Data mining; Statistical analysis; Predictive analytics; Data visualization; Business intelligence; Decision making - Data processing; Python (Computer program language) _917371 |
|
| 942 |
_2ddc _cREF |
||
| 999 |
_c47386 _d47386 |
||